Sharknado! Quiz Stats

Quiz not verified by Sporcle

Challenge
Share
Tweet
Score 0/9 Timer 05:00
0 Plays Today
% Correct
Fin Shepard
94.1%
April Wexler
73.5%
Nova Clarke
70.6%
George
56.9%
Matt Shepard
49%
Claudia Shepard
46.1%
Baz
36.6%
Joni
22.8%
Bobby
19.6%

You're not logged in!

Compare scores with friends on all Sporcle quizzes.
Sign Up with Email
OR
Log In

You Might Also Like...

Show Comments

Extras

Top Quizzes Today


Score Distribution

Your Account Isn't Verified!

In order to create a playlist on Sporcle, you need to verify the email address you used during registration. Go to your Sporcle Settings to finish the process.